<?xml version="1.0" encoding="UTF-8"?><?xml-stylesheet type="text/xsl" href="static/style.xsl"?><OAI-PMH xmlns="http://www.openarchives.org/OAI/2.0/" xmlns:xsi="http://www.w3.org/2001/XMLSchema-instance" xsi:schemaLocation="http://www.openarchives.org/OAI/2.0/ http://www.openarchives.org/OAI/2.0/OAI-PMH.xsd"><responseDate>2026-04-17T12:13:29Z</responseDate><request verb="GetRecord" identifier="oai:www.recercat.cat:2072/409288" metadataPrefix="marc">https://recercat.cat/oai/request</request><GetRecord><record><header><identifier>oai:recercat.cat:2072/409288</identifier><datestamp>2026-04-14T01:46:31Z</datestamp><setSpec>com_2072_98</setSpec><setSpec>col_2072_378192</setSpec></header><metadata><record xmlns="http://www.loc.gov/MARC21/slim" xmlns:dcterms="http://purl.org/dc/terms/" xmlns:xsi="http://www.w3.org/2001/XMLSchema-instance" xmlns:doc="http://www.lyncode.com/xoai" xsi:schemaLocation="http://www.loc.gov/MARC21/slim http://www.loc.gov/standards/marcxml/schema/MARC21slim.xsd">
   <leader>00925njm 22002777a 4500</leader>
   <datafield ind2=" " ind1=" " tag="042">
      <subfield code="a">dc</subfield>
   </datafield>
   <datafield ind2=" " ind1=" " tag="720">
      <subfield code="a">Farrés, Ramon</subfield>
      <subfield code="e">author</subfield>
   </datafield>
   <datafield ind2=" " ind1=" " tag="260">
      <subfield code="c">2015</subfield>
   </datafield>
   <datafield ind2=" " ind1=" " tag="520">
      <subfield code="a">L'obra de Joan Brossa (Barcelona 1919-1998) té una presència en publicacions de tota mena al Brasil que sobrepassa de molt el que és habitual per a un poeta català en qualsevol país llatinoamericà i fins i tot en la major part de països europeus. Aquest article investiga quines han estat les raons que han portat a aquesta insòlita recepció de Joan Brossa en terres brasileres. Els resultats del treball rebaten la hipòtesi inicial de la influència de João Cabral de Melo Neto, amic de Brossa i també poeta, en les traduccions de la seva obra.</subfield>
   </datafield>
   <datafield ind2=" " ind1=" " tag="520">
      <subfield code="a">La obra de Joan Brossa (Barcelona 1919-1998) tiene una presencia en publicaciones de todo tipo en Brasil que sobrepasa con mucho lo que es habitual para un poeta catalán en cualquier país latinoamericano e incluso en la mayor parte de países europeos. Este artículo investiga cuáles han sido las razones que han llevado a esta insólita recepción de Joan Brossa en tierras brasileñas. Los resultados del trabajo rebaten la hipótesis inicial de la influencia de João Cabral de Melo Neto, amigo de Brossa y también poeta, en las traducciones de su obra.</subfield>
   </datafield>
   <datafield tag="653" ind2=" " ind1=" ">
      <subfield code="a">Brossa, Joan 1919-1998</subfield>
   </datafield>
   <datafield ind2="0" ind1="0" tag="245">
      <subfield code="a">La recepció de Joan Brossa al Brasil</subfield>
   </datafield>
</record></metadata></record></GetRecord></OAI-PMH>